000 00279nam a2200121 a 4500
001 4140
005 20140414132146.0
008 090218s19uu xx 00 eng d
050 _aKIT E
_bMi68 1982
100 _aAllard, Harry
245 _aMiss Nelson is back.
999 _c115430
_d115430